Dlhopisy FNM SR

Z obsahu: Privatizáciu vystriedalo odškodnenie občanov, kupóny sa zmenili na dlhopisy. Splnenie záväzku vlády zachránili príjmy z privatizácie. Na zmenu privatizácie najviac doplatili investičné fondy. Výmena za akcie zlyhala, ostatné možnosti predčasného splatenia nesplnili očakávania.

Gespeichert in:
Bibliographische Detailangaben
1. Verfasser: Medžová, Andrea
Weitere Verfasser: Kyselý, Ľubor
Format: Buchkapitel
Sprache:Slowakisch
Schlagworte:
Tags: Tag hinzufügen
Keine Tags, Fügen Sie das erste Tag hinzu!

MARC

LEADER 00000naa a2200000 4500
001 r044084
005 20230921113223.6
041 0 |a slo 
044 |a SK 
245 1 0 |a Dlhopisy FNM SR  |c Andrea Medžová, Ľubor Kyselý 
520 |a Z obsahu: Privatizáciu vystriedalo odškodnenie občanov, kupóny sa zmenili na dlhopisy. Splnenie záväzku vlády zachránili príjmy z privatizácie. Na zmenu privatizácie najviac doplatili investičné fondy. Výmena za akcie zlyhala, ostatné možnosti predčasného splatenia nesplnili očakávania. 
610 2 0 |a dlhopisy 
610 2 0 |a kupóny 
610 2 0 |a privatizácia 
610 2 0 |a príjmy 
610 2 0 |a fondy investičné 
610 2 0 |a akcie 
610 2 0 |a FNM SR Bratislava 
100 1 |a Medžová, Andrea 
700 1 |a Kyselý, Ľubor